| 000 | 00575nam a2200193 a 4500 | ||
|---|---|---|---|
| 005 | 20140310183143.0 | ||
| 008 | 020820s19uu xx 00 eng d | ||
| 020 | _a0671749498 | ||
| 050 |
_aHD 58.8 _b.J44 1993 |
||
| 100 | _aJellison, Jerald | ||
| 245 |
_aOvercoming resistance : _ba guide to producing change in the workplace / _cJerald Jellison. |
||
| 260 |
_aNew York : _bSimon & Schuster, _c1993. |
||
| 300 |
_a235 p. : _c22 cm. |
||
| 521 | _aBSBA | ||
| 650 | _aOrganizational change | ||
| 650 | _aOrganizational behavior | ||
| 942 |
_cBK _2lcc _kFOR |
||
| 999 |
_c19443 _d19443 |
||